The princess and the goblin and other fairy tales /

Bibliographic Details
Main Author: MacDonald, George, 1824-1905
Other Authors: King, Shelley, 1954- (Editor), Pierce, John Benjamin, 1957- (Editor)
Format: Book
Language:English
Published: Peterborough, Ontario : Broadview Press, [2014]
Series:Broadview editions.
Subjects:

MARC

Tag First Indicator Second Indicator Subfields
LEADER 00000cam a2200000 i 4500
001 in00003487828
005 20151206125104.0
008 140801t20142014onca b 000 1 eng
020 |a 9781554810079 
020 |a 1554810078 
035 |a (OCoLC)ocn878837984 
040 |a NLC  |b eng  |e rda  |c NLC  |d CDX  |d C#P  |d UtOrBLW 
043 |a e-uk-st 
049 |a TXAM 
050 4 |a PR4966  |b .K56 2014 
055 0 0 |a PR4966  |b K55 2014 
082 0 |a 823/.8  |2 23 
100 1 |a MacDonald, George,  |d 1824-1905. 
240 1 0 |a Fairy tales.  |k Selections 
245 1 4 |a The princess and the goblin and other fairy tales /  |c George MacDonald ; edited by Shelley King and John Pierce. 
264 1 |a Peterborough, Ontario :  |b Broadview Press,  |c [2014] 
264 4 |c ©2014 
300 |a 382 pages :  |b illustrations ;  |c 22 cm. 
336 |a text  |b txt  |2 rdacontent 
337 |a unmediated  |b n  |2 rdamedia 
338 |a volume  |b nc  |2 rdacarrier 
490 1 |a Broadview editions 
504 |a Includes bibliographical references (pages 377-382). 
600 1 0 |a MacDonald, George,  |d 1824-1905  |x Criticism and interpretation. 
700 1 |a King, Shelley,  |d 1954-  |e editor. 
700 1 |a Pierce, John Benjamin,  |d 1957-  |e editor. 
830 0 |a Broadview editions. 
945 |a PromptCat  |b 20611 
946 |a stk 
947 |a A14840322253 
948 |a cataloged  |b h  |c 2015/1/16  |d c  |e dmitchel  |f 1:44:28 pm 
994 |a 92  |b TXA 
999 |a MARS 
999 f f |s 1b204287-8857-3f11-b598-c929d175d529  |i 1bc569fc-c27d-3699-b5bd-ceefcb567c2d  |t 0 
952 f f |p 4_hour  |a Texas A&M University  |b College Station  |c Sterling C. Evans Library  |s Evans Media and Reserves Reserve Coll.  |d Evans: Media and Reserves (Evans 1st floor)  |t 0  |e PR4966 .K56 2014  |h Library of Congress classification  |i unmediated -- volume  |m A14840322253